| 000 | 00000nam 2200000za 4500 |
| 001 | 9.699691 |
| 003 | CaOODSP |
| 005 | 20221107134532 |
| 007 | cr ||||||||||| |
| 008 | 150407t19821981xxc ||||o f000 0 eng d |
| 040 | |aCaOODSP|beng |
| 043 | |an-cn--- |
| 086 | 1 |aA43-1142/1982E-PDF |
| 100 | 1 |aNelson, W. A. |
| 245 | 10|aControl of the sheep ked |h[electronic resource] / |cW.A. Nelson. |
| 250 | |aRev. |
| 260 | |aOttawa : |bAgriculture Canada. |c1982, c1981. |
| 300 | |a7 p. |
| 500 | |aHistorical publication digitized by Agriculture and Agri-Food Canada. |
| 500 | |aIssued also in French under title: La mélophagose ovine. |
| 590 | |a15-01-Supp|b2015-01-26 |
| 690 | 07|aInsects|2gcpds |
| 690 | 07|aPests|2gcpds |
| 690 | 07|aSheep|2gcpds |
| 710 | 1 |aCanada.|bAgriculture Canada.|bResearch Branch. |
| 775 | 08|tLa mélophagose ovine |w(CaOODSP)9.643670 |
| 856 | 40|ahttp://publications.gc.ca|qPDF|s388 KB|uhttps://publications.gc.ca/collections/collection_2014/aac-aafc/agrhist/A43-1142-1982-eng.pdf |
| 986 | |aPublication 1142 |